Normal view
MARC view
- Ahmer Adnan Malik Shaheer Habib Malik M. Taimoor Waleed Abdullah
Entry Personal Name
001 - CONTROL NUMBER
- control field: 100431
003 - CONTROL NUMBER IDENTIFIER
- control field: NUST
005 - DATE AND TIME OF LATEST TRANSACTION
- control field: 20221017121202.0
008 - FIXED-LENGTH DATA ELEMENTS
- fixed length control field: 221017|| aca||aabn | a|a d
040 ## - CATALOGING SOURCE
- Original cataloging agency: NUST
- Transcribing agency: NUST
100 ## - HEADING--PERSONAL NAME
- Personal name: Ahmer Adnan Malik Shaheer Habib Malik M. Taimoor Waleed Abdullah
670 ## - SOURCE DATA FOUND
- Source citation: Work cat.: (NUST): Ahmer Adnan Malik Shaheer Habib Malik M. Taimoor Waleed Abdullah , PR-SOF-2146- Design, Development, Fabrication and Testing of Meso-Scale Accelerometers Using Capacitive and Hall Effect Sensing, 2022.
